¿Qué Ha Pasao'? - Abraham Mateo, Sofía Reyes - Estadísticas

Estadísticas generales
  • Esta prueba ha sido intentada 23 veces
  • La puntuación promedio es 369 de 457
Estadísticas de respuestas
Letra % Correcto
a
100%
con
100%
de
100%
Dime
100%
dime
100%
es
100%
frío
100%
ha
100%
la
100%
La
100%
Lo
100%
lo
100%
los
100%
Pa
100%
pa
100%
pasa
100%
pasao
100%
que
100%
qué
100%
se
100%
100%
setenta
100%
Si
100%
si
100%
te
100%
Y
100%
y
100%
aprender
75%
arrugarme
75%
cada
75%
Cambiaste
75%
como
75%
el
75%
en
75%
está
75%
estaríamos
75%
esto
75%
foto
75%
gente
75%
hasta
75%
he
75%
impresionar
75%
invierno
75%
juntos
75%
lado
75%
lao
75%
llegaremos
75%
más
75%
me
75%
Me
75%
75%
No
75%
no
75%
nos
75%
pensaba
75%
Pero
75%
pero
75%
por
75%
Porque
75%
repente
75%
seguro
75%
tan
75%
ti
75%
tu
75%
Tu
75%
vivir
75%
vuelto
75%
Yo
75%
yo
75%
abraza?
50%
ahí
50%
ahora
50%
Ahora
50%
al
50%
ausente
50%
Baby
50%
casa
50%
colgada
50%
comiendo
50%
contestador
50%
conversando
50%
corazón
50%
crédito
50%
da
50%
dao
50%
Dejarte
50%
dice
50%
difícil
50%
dije
50%
empeñas
50%
entiendo
50%
épico
50%
era
50%
esa
50%
estoy
50%
falta
50%
favorita
50%
fué
50%
hacerme
50%
hacerte
50%
haces
50%
hay
50%
herir
50%
hermana
50%
importa
50%
ir
50%
Julio
50%
llenar
50%
logrado
50%
mes
50%
mío
50%
nada
50%
Nadie
50%
Nueva
50%
para
50%
paso
50%
pleno
50%
poquito
50%
pueda
50%
puedo
50%
quién
50%
razones
50%
seguir
50%
sentir
50%
serie
50%
sido
50%
siempre
50%
siente?
50%
siento
50%
sigue
50%
solo
50%
sufrir
50%
también
50%
televisor
50%
tenerte
50%
tocará
50%
tomó
50%
treinta
50%
tus
50%
Últimamente
50%
vacío
50%
vamos
50%
veinte
50%
verdad
50%
York
50%
cuenta
25%
date
25%
No se encontraron pruebas coincidentes
Distribución de puntuación
Porcentaje de gente con cada puntuación
Porcentaje por número respondido
Historial de tus puntuaciones
No has intentado esta prueba.